000 00742nam a22002175i 4500
001 177598
003 ES-MaACL
005 20230906220354.0
008 110405s1965 sp |||| | spa d
080 _a347.769(460)
100 1 _aSanpons Salgado, Manuel.
_9145988
245 1 3 _aEl contrato de corretaje /
_cManuel Sanpons Salgado.
260 _aMadrid :
_bMontecorvo,
_cD. L. 1965.
300 _a253 p. ;
_c25 cm.
490 1 _aMonografías. Colección de estudios jurídicos ;
_v10
504 _aBibliografía: p. 251-253.
650 0 4 _aContratos de mediación-
_zEspaña.
_9145989
830 0 _aMonografías. Colección de estudios jurídicos ;
_v10
_9190484
852 _aES-MaACL
_jE-14801
_xOlim P-860-bis
999 _c177598
_d177598